000 00303nam a2200109Ia 4500
001 1274104
005 20260417160401.0
008 260417s9999 xx 000 0 und d
020 _a9786258124262
245 0 _aGençler! Okuyun, Okumazsanız Canınıza Okurlar!
_cAdem Dere
260 _bBeyan Yayınları
999 _c1274104
_d1274104